| 000 | 00603cab a2200217 4500 | ||
|---|---|---|---|
| 001 | WB3430-42 | ||
| 008 | 090401t1998 xxu||||| |||| 00| 0 eng d | ||
| 035 | _a(Sirsi) u87896 | ||
| 041 | _aeng | ||
| 245 | _aSupercrops | ||
| 260 | _c1998 | ||
| 350 | _a0 | ||
| 490 |
_aTimes _v7 August 1998, 1(1) |
||
| 520 | _aGovernment is proposing to cut the number of tests on genetically modified crops in an attempt to speed up the approval process. | ||
| 650 | _aCROPS | ||
| 650 | _aGENETICALLY MODIFIED CROPS | ||
| 650 | _aSUPERCROPS | ||
| 690 | _aRURAL PRACTICE | ||
| 942 | _n0 | ||
| 948 | _c07/08/1998 | ||
| 999 |
_c55474 _d55474 |
||